000 002730000a22000970004500
100 1 _aMaccoby, Hyam (1924-)
245 1 0 _aThe law about liquids : A rejoinder
300 _aNúm 67 (1997), Páginas 115-122
773 0 _tJournal for the Study of the New Testament
942 _cANA
999 _c56057
_d56057